000 00311nam a22001337a 4500
008 171017b xxu||||| |||| 00| 0 eng d
020 _a9780256228960
041 _aeng
080 _a331.101.262
100 _a52
101 _a331.101.262
245 _aORGANIZATIONAL BEHABIOR
_cMCSHANE, S.L
942 _2udc
_cBK
999 _c34300
_d34300